000 00660nam a22001337a 4500
040 _cRUA
082 _aANS THA 2018 B648 Or.1
100 _aTHAI NGY ថៃ ងី
245 _aeffact of methionine supplementation toconcetrated feed on growth perfoemance of fattening pigs (60-100kg) ឥទ្ធិពលនៃការបន្ថៃម METHIONINE នៅក្នុងចំណីសម្រេចលើការលូតលាស់របស់ជ្រូកសាច់ទម្ងន់ពី៦០ទៅ១០០គីឡូក្រោម
260 _aRUA
_bPhnom penh
_c2018
300 _axi;40p
_bill;
_c29cm
856 _u THAI NGY
942 _cANS
999 _c18258
_d18258